UBT Library

Techniques of the world's great painters / (Record no. 40165)

000 -LEADER
fixed length control field 00543nam a2200205 a 4500
001 - CONTROL NUMBER
control field 1418254
005 - DATE AND TIME OF LATEST TRANSACTION
control field 20180112040042.0
008 - FIXED-LENGTH DATA ELEMENTS--GENERAL INFORMATION
fixed length control field 850322s1980 enka 001 0 eng
010 ## - LIBRARY OF CONGRESS CONTROL NUMBER
LC control number 83218474
020 ## - INTERNATIONAL STANDARD BOOK NUMBER
International Standard Book Number 0714821225 :
Terms of availability £15.00
040 ## - CATALOGING SOURCE
Original cataloging agency DLC
Transcribing agency DLC
Modifying agency DLC
041 ## - LANGUAGE CODE
Language code of text/sound track or separate title eng
080 ## - UNIVERSAL DECIMAL CLASSIFICATION NUMBER
Universal Decimal Classification number 759
082 00 - DEWEY DECIMAL CLASSIFICATION NUMBER
Classification number 759 JAN
Edition number 19
100 ## - Rafti
Rafti 44
101 ## - Shkurtesa
Shkurtesa ART
245 00 - TITLE STATEMENT
Title Techniques of the world's great painters /
Statement of responsibility, etc consultant editor, Waldemar Januszczak.
906 ## - LOCAL DATA ELEMENT F, LDF (RLIN)
a 7
b cbc
c orignew
d 3
e ncip
f 19
g y-gencatlg
942 ## - ADDED ENTRY ELEMENTS (KOHA)
Source of classification or shelving scheme
Item type Books
Holdings
Withdrawn status Lost status Source of classification or shelving scheme Damaged status Not for loan Collection code Permanent location Current location Shelving location Date acquired Total Checkouts Full call number Barcode Date last seen Price effective from Koha item type
          Koleksioni i përgjithshem UBT - Lipjan UBT - Lipjan Koleksioni i përgjithshem 01/12/2018   759 JAN 002-2995263 01/12/2018 01/12/2018 Books
UBT Library © 2015-2024. All rights reserved University Education for Business and Technology